00437nam a2200169 a 4500020001500000040000800015082002600023100001700049245002700066260005700093300003800150500001900188650001900207650001400226942001000240999001700250 a0764537008 cUKM04a005 PEK 2003 C260 Or.1 aPeck, Wendy,10aGreat web typography / aNew York :bWiley ;aChichester :bJohn Wiley,c2003 axxi, 316 p. :bcol. ill. ;c26 cm aIncludes index 0aWeb typography 0aWeb sites cAEDBB c22267d22267